000 01132nam a2200337 i 4500
001 000003716
003 DO-SdBNP
005 20260408164618.0
007 ta
008 090713s1995 dr a r 000 0 spa d
040 _aDO-SdBNP
_bspa
_cBNPHU
_erda
082 4 _a341.33
_bM637m, 1995
_222
100 1 _aMilán y Lugo, Gloria,
_910194
_eautora
245 1 0 _aManual consular /
_cGloria Milán y Lugo.
250 _a2a ed.
264 4 _aSanto Domingo :
_bCentro Editorial,
_c1995.
300 _a464 páginas :
_bilustraciones ;
_c22 cm.
336 _2rdacontent
_atexto
_btxt
337 _2rdamedia
_asin mediación
_bn
338 _2rdacarrier
_avolumen
_bnc
500 _aIncluye referencias bibliográficas y notas al pie de páginas.
504 _aBibliografía : p. 442-448
590 _aInventariado, 2022/BT
650 4 _aDerecho diplomático y consular
_910195
650 4 _aDerecho internacional público
_99388
650 0 _aServicio diplomático y consular
_96529
650 0 _aDiplomáticos
_910196
650 4 _aDocumentos consulares
_96528
910 _aValidado. Control de calidad. MMOLINA
942 _2ddc
_cLBS1
999 _c3538
_d3538